000 00645cam a2200229 4500
001 J3066
008 090401t1994 xxu||||| |||| 00| 0 eng d
035 _a(Sirsi) u52773
041 _aeng
050 _a338.4569
110 _aCambridge Econometrics
_92154
245 _aUK construction prospects: analysis and forecasts to 2001. - september 1994
260 _aCambridge
_bCambridge Econometrics
_c1994
300 _aviii,32p. ; 30cm.
350 _a0
650 _aCONSTRUCTION INDUSTRY
650 _aCONSTRUCTION OUTPUT
650 _aINVESTMENT
690 _aBUILDING AND CONSTRUCTION-ECONOMICS
942 _n0
948 _c04/03/1997
999 _c93162
_d93162